00424nam a2200157Ia 45000010006000000050017000060080041000230410008000640820016000721000037000882450088001252600009002133000028002226500008002506540008002581731320260306171508.0260306s9999||||xx |||||||||||||| ||und|| aESP a657.61bP21 aPalomino Ochoa, Juan JoséeAUT 0aNuevo plan contable general empresarial actualizado con la aplicación de las NIIF c2019 a271 páginas :c21 cm. aGEN aCCO